Quizzes
Events
Quiz Creation
Community
Videos
Private Events
Remove Ads
Sign In
Join for FREE
Feedback
Dark Mode
Quiz Categories
Sports
Geography
Music
Movies
Television
Just For Fun
Miscellaneous
History
Literature
Language
Science
Gaming
Entertainment
Religion
Holiday
For Kids
Quiz Lab
Recent
Popular Today
Quiz Kudos Today
Editor Picks
Curator Picks
Quizzes by...
Day
Popularity
Type
Ratings
Length
Year
Community
Subscriptions
Recent Discussions
Orange Saloon
Badges
Playlists
Quests
Create
Leaderboards
Showdown
Live 5
Trivia Bingo
Activity
Puzzle Library
Sporcle Events
Private Events
Virtual Trivia
Globe League
Become a Host
Pub Owners
SporcleCon
Opinionation
Our Games
Videos
Blog
Mobile Apps
Partnerships
Remove Ads and Go Orange
Feedback
Language
Vocabulary
Begins and Ends
Definition
Spanish
French
German
Italian
Chinese
Latin
Translation
Japanese
Language
Vocabulary
Begins and Ends
Definition
Spanish
French
German
Italian
Chinese
Latin
Translation
Japanese
Random Quiz
Search Sporcle
×
Quiz Lab
Quiz Lab
Language
Vocabulary
Type in answers that appear in a list
Type in answers that appear in a list
Classic
Best Score? Go Orange.
Italian Ch. 1 - Vocab (Italian to English) Stats
Can you name the Italian Ch. 1 - Vocab?
By
RealItalia
15m
168 Questions
109 Plays
109 Plays
109 Plays
Comments
Comments
Give Quiz Kudos
Give Quiz Kudos
-
- Ratings
hide this ad
Random Order
Randomize order of answers
Randomize order of answers
Replay
Link that replays current quiz
Next Quiz
Link to next quiz in quiz playlist
You Got
0%
They Got
Avg Score
48%
Avg Friend Score
Upgrade to see
Score Distribution
Jump to the score distribution portion of the page
Score
0/168
Timer
15:00
0
Plays Today
In Italian
In English
% Correct
il film
film, movie
72.5%
novembre
November
72.5%
venti
20
72.5%
il gatto
cat
71.6%
settembre
September
70.6%
il libro
book
69.7%
dicembre
December
69.7%
il tè
tea
68.8%
la casa
house, home
68.8%
buona notte
good night
67.9%
ciao
hi; bye
67.9%
grazie
thank you
67.9%
il CD
CD-ROM
67.9%
secondo
second
67.9%
dieci
10
67.9%
diciotto
18
67.9%
il gelato
ice cream
67%
agosto
August
67%
l'inverno
winter
67%
il caffè
coffee
66.1%
aprile
April
66.1%
duecento
200
66.1%
l'anno
year
65.1%
l'hamburger
hamburger
65.1%
marzo
March
65.1%
trenta
30
65.1%
quaranta
40
65.1%
buon giorno
good morning, good day
64.2%
per favore/
per piacere
please
64.2%
l'economia
economy, economics
64.2%
lo sport
sport
64.2%
giugno
June
64.2%
luglio
July
64.2%
ottobre
October
64.2%
sessanta
60
64.2%
ottanta
80
64.2%
cento
100
64.2%
il computer
computer
63.3%
il cinema
cinema, movie theater
62.4%
il numero
number, issue
62.4%
la televisione
television
62.4%
primo
first
62.4%
novanta
90
62.4%
la città (la citta)
city
61.5%
undici
11
61.5%
ventiquattro
24
61.5%
cinquanta
50
61.5%
la bottiglia
bottle
60.6%
la biologia
biology
60.6%
l'italiano
Italian
60.6%
febbraio
February
60.6%
l'autunno
autumn
60.6%
l'informazione
information
59.6%
la lingua
language
59.6%
venticinque
25
59.6%
ventotto
28
59.6%
In Italian
In English
% Correct
l'acqua
water
58.7%
la religione
religion
58.7%
terzo
third
58.7%
quattordici
14
58.7%
diciannove
19
58.7%
settanta
70
58.7%
l'amico/
l'amica
friend
57.8%
la lezione
lesson, individual class period
57.8%
lo studente/
la studentessa
student
57.8%
gennaio
January
57.8%
la primavera
spring
57.8%
dodici
12
57.8%
tredici
13
57.8%
ventinove
29
57.8%
trecento
300
57.8%
il cane
dog
56.9%
la fotografia
photograph
56.9%
la penna
pen
56.9%
la porta
door
56.9%
maggio
May
56.9%
la macchina
car
56%
il ristorante
restaurant
56%
la regione
region
56%
quindici
15
56%
sedici
16
56%
la festa
party; holiday
55%
l'estate
summer
55%
diciassette
17
55%
ventidue
22
55%
ventisei
26
55%
l'errore
error, mistake
54.1%
ventuno
21
54.1%
ventisette
27
54.1%
mille
1.000
53.2%
l'università (l'universita)
university
52.3%
arrivederci
good-bye
51.4%
la filosofia
philosophy
51.4%
la storia
history
51.4%
l'euro (pl. gli euro)
euro
51.4%
Mi chiamo/
Sono...
My name is...
50.5%
il professore/
la professoressa
professor
50.5%
il regazzo
boy
50.5%
buona sera
good evening
47.7%
la bicicletta
bicycle
47.7%
il dizionario
dictionary
47.7%
la matematica
mathematics
47.7%
il fiore
flower
46.8%
quinto
fifth
46.8%
ventitré/
ventitre
23
46.8%
Come ti chiami?/
Come si chiama?
What is your name (inform./form.)?
45.9%
la birra
beer
45.9%
l'orologio
clock, watch
45.9%
la residenza
residence
45%
la sociologia
sociology
45%
duemila
2.000
45%
quattrocento
400
44%
In Italian
In English
% Correct
duemilanove
2009
44%
il panino
sandwich
43.1%
il bicchiere
glass
42.2%
settimo
seventh
42.2%
il succo d'arancia
orange juice
41.3%
l'antropologia
anthropology
41.3%
sesto
sixth
41.3%
milleottocentosessantuno
1861
41.3%
la psicologia
psychology
40.4%
quarto
fourth
40.4%
il cappuccino
cappuccino
39.4%
le scienze politiche
political science
39.4%
la via
street
39.4%
Di dove sei?/
Di dov'è?
Where are you from (inform./form.)?
38.5%
la chimica
chemistry
38.5%
Dove abiti?/
Dove abita?
Where do you live (inform./form.)?
37.6%
il corso
course
36.7%
decimo
tenth
36.7%
l'esame
exam
35.8%
gli studi internazionali
international studies
35.8%
Il mio numero di telefono è...
My phone number is...
33.9%
l'aereo
airplane
33.9%
il cellulare
cell phone
33.9%
la fisica
physics
33%
la letteratura inglese
English literature
33%
Abito a...
I live in (name of city)
30.3%
(Non) ti piace/
piacciono...?
Do (don't) you (inform.) like...?
30.3%
(Non) Le piace/
piacciono...?
Do (don't) you (form.) like...?
30.3%
ottavo
eighth
30.3%
nono
ninth
30.3%
prego
you're welcome; come in; etc.
29.4%
lo zaino
backpack
29.4%
il quaderno
notebook
28.4%
l'ingegneria
engineering
27.5%
le scienze della comunicazione
communications (subject matter)
27.5%
cinque
5
22.9%
Quant'è?
How much is it?
22%
uno
1
22%
otto
8
22%
nove
9
22%
sette
7
22%
Sono di...
I'm from...
21.1%
zero
0
21.1%
quattro
4
21.1%
due
2
20.2%
sei
6
20.2%
il centesimo
cent
18.3%
tre
3
18.3%
la classe
group (of students), classroom
14.7%
Piacere!
Pleased to meet you!
10.1%
la pasta
pastry
9.2%
Come si scrive?
How is it written?
8.3%
il voto
grade
7.3%
la piazza
town square
7.3%
Quanti ne abbiamo oggi?
What is today's date?
2.8%
la materia (di studio)
subject matter
2.8%
Quiz Playlist
Details
Report
Send in Message
Add To Playlist
Classic:
Type in answers that appear in a list
Random Order:
Randomize order of answers
Last Updated: Feb 16, 2017
Quiz Scoreboard
CHALLENGE
Sign Up to Join the Scoreboard
Show All
Scores
Hide
Comments
May contain spoilers
Recently Published
Billboard Blitz: Fleetwood Mac
by CooCooCachoo
Music
15s
Presidents Visiting Landmarks
by Hejman
History
7m
An Introduction to Baseball
by treessimontrees
Sports
5m
More to Explore
Quiz From the Vault
Featured Blog Post
Where Did the Easter Bunny Come From?
hide this ad
You Might Also Like...
Tags
Italian Quiz
Vocabulary Quiz
English
Today's Top Quizzes in Language
Browse Language
hide this ad
Today's Top Quizzes in Vocabulary
Browse Vocabulary
Top Contributed Quizzes in Language
1
1-10 Letter F Words III
2
1-10 Letter G Words III
3
Order Up: Top 10 Most Native Spoken Languages
4
1-10 Letter H Words III
5
Alphabetize! : 'As' words
6
One Thing in Common: Italy
7
1-10 Letter I Words III
8
Weisst du, aus welchen Sprachen diese Wörter stammen?
9
1-10 Letter J Words III
10
Celtic Nations in their Language
Explore More
Trending Topics
NBA
Harry Potter
Anime
Disney
Crossword
Kpop
Marvel
Soccer
The Office
Country
Song
Puzzle
WWE
Pokémon
NFL
hide this ad
More By:
RealItalia
Quiz
Plays
Rating
Category
Featured
Created
Italian Ch. 5 - Vocab (Italian to English)
112
4.00
Language
Oct 9, 2010
Italian Ch. 1 - Vocab (Italian to English)
109
2.00
Language
Oct 24, 2010
Italian Ch. 1 - Vocab (English to Italian)
70
5.00
Language
Oct 24, 2010
Italian Ch. 3 - Vocab (English to Italian)
70
5.00
Language
Oct 17, 2010
Italian Ch. 2 - Vocab (Italian to English)
60
5.00
Language
Oct 23, 2010
Go to Creator's Profile
Score Distribution
Quiz Creator Spotlight
RealItalia
Follow
Send a Message
Quizzes Created
-
Created Quiz Play Count
-
More By This Creator
Popular Quizzes Today
1
Find the US States - No Outlines Minefield
2
Find the Countries of Europe - No Outlines Minefield
3
The Countries of the World
4
Find the US States
5
US States
6
Risky Map Clicking: Biggest States A-Z
7
Popular People in 1961
8
Movies - When Are They Set?
More Language Quizzes
Words Containing 'LOVE'
Curator's Pick
Trending Quizzes
Risky Map Clicking: Least Populous States A-Z
1-10 Letter G Words
1-10 Letter F Words
Risky Map Clicking: Next State Alphabetically
Risky Map Clicking: Biggest States A-Z
Recently Updated
Leaping Animals
pecheneg
Reality TV Shows (A-Z)
bhenderson79
Rickey Henderson's Hall of Fame Teammates
pecheneg
Champions League XIs: Arsenal
pecheneg
Quick Pick: Celebrities in WWE's Hall of Fame
aduchscher
A-Z Keypad Blitz II
pecheneg
Multiple Oscar Actors
pecheneg
Mystery Phrase Blitz: Oscar 'Best Actors'
pecheneg
F. Scott Fitzgerald Novels
LTH
Pick 3 Villains
ddd62291
Trending Topics
Disney
Kpop
Harry Potter
NBA
Anime
Marvel
Crossword
Soccer
Pokémon
WWE
NFL
Puzzle
Song
The Office
Country
Your Account Isn't Verified!
In order to create a playlist on Sporcle, you need to verify the email address you used during registration. Go to your
Sporcle Settings
to finish the process.
Report this User
Report this user for behavior that violates our
Community Guidelines
.
Details:
Send Report
Go to the Sporcle.com Mobile Site →
Comments